Nuestra Señora de Atocha (Record no. 171246)
[ view plain ]
| 000 -LEADER | |
|---|---|
| campo de control de longitud fija | 00877nam a22001695i 4500 |
| 001 - NÚMERO DE CONTROL | |
| campo de control | 171246 |
| 003 - IDENTIFICADOR DE NÚMERO DE CONTROL | |
| campo de control | ES-MaACL |
| 005 - FECHA Y HORA DE LA ÚLTIMA TRANSACCIÓN | |
| campo de control | 20251012063100.0 |
| 008 - DATOS DE LONGITUD FIJA--INFORMACIÓN GENERAL | |
| campo de control de longitud fija | 090506s1875 sp |||| | spa d |
| 100 1# - ENTRADA PRINCIPAL--NOMBRE DE PERSONA | |
| Nombre de persona | García Santisteban, Rafael, |
| Fechas asociadas al nombre | 1829-1893 |
| 9 (RLIN) | 140041 |
| 245 10 - MENCIÓN DEL TÍTULO | |
| Título | Nuestra Señora de Atocha |
| Resto del título | : drama religioso-tradicional en tres actos y en verso / |
| Mención de responsabilidad, etc. | original de Rafael García y Santisteban. |
| 260 ## - PUBLICACIÓN, DISTRIBUCIÓN, ETC. | |
| Lugar de publicación, distribución, etc. | Madrid : |
| Nombre del editor, distribuidor, etc. | [s.n., |
| Fecha de publicación, distribución, etc. | 1875?] ( |
| Fabricante | Imp. de la Biblioteca de Instrucción y Recreo) |
| 300 ## - DESCRIPCIÓN FÍSICA | |
| Extensión | 141 p. ; |
| Dimensiones | 17 cm. |
| 500 ## - NOTA GENERAL | |
| Nota general | En port.: Estrenado en el teatro Español en febrero de 1875. |
| 852 ## - LOCALIZACIÓN | |
| Ubicación | ES-MaACL |
| Número de control de estantería | F-8594(1) |
| Nota libre | .- Enc. pasta española |
| condición física | .- Falto de la cub. original |
| Nota libre | .- Enc. en un vol. facticio formando parte de la col. facticia "Teatro español moderno", vol. 47 |
| -- | .- Dedicatoria manuscrita del autor en anteport. |
| Estatus retirado | Estado de pérdida | Estado de daño | No para préstamo | Colección | Biblioteca de origen | Biblioteca actual | Ubicación en estantería | Fecha de adquisición | Fuente de adquisición | Total de préstamos | Signatura topográfica completa | Código de barras | Visto por última vez | Precio de reemplazo | Tipo de ítem Koha |
|---|---|---|---|---|---|---|---|---|---|---|---|---|---|---|---|
| Libros del s. XIX | Biblioteca del Ateneo de Madrid | Biblioteca del Ateneo de Madrid | Sala Pecera Planta 2 | 06/05/2009 | F-8594(1) | 1179713 | 23/02/2023 | 23/02/2023 | Libro impreso antiguo |
